Propuesta de un plan de publicidad para el Hotel El Raizón ubicado en el km 20 ½ carretera a Masaya

Presenta una propuesta de un plan de publicidad para el Hotel El Raizón ubicado en el Km 20 ½, carretera a Masaya. Enfoca la realización de un diagnóstico de la situación actual del Hotel El Raizón, el cual describe la caracterización organigrama, un análisis detallado de su entorno y finalm...

Full description

Bibliographic Details
Main Authors: Flores Miranda, Norma Elisa, Alfaro Carballo, David Alfonso
Other Authors: Tutor: Machado Bello, Xiomara Argentina
Format: Tesis Section = Libro
Language:Undetermined
Spanish
Published: Managua UNI 2007
Subjects:
LEADER 01360nam a2200265Ia 4500
008 240830s9999 xx 000 0 und d
040 |a BIBLIOTECA-RUPAP T.Mon 659.1 F634 
041 |a spa 
082 |a T.Mon 659.1 F634 
100 1 |a Flores Miranda, Norma Elisa 
100 1 |b  Alfaro Carballo, David Alfonso 
245 1 0 |a Propuesta de un plan de publicidad para el Hotel El Raizón ubicado en el km 20 ½ carretera a Masaya 
260 |a Managua  |b UNI  |c 2007 
300 |a 75 p. :il. 
500 |a Contiene: anexos e Incluye: CD. 
502 |a Tesis (Ingeniero de Sistemas)- UNI, 2007. 
520 3 |a Presenta una propuesta de un plan de publicidad para el Hotel El Raizón ubicado en el Km 20 ½, carretera a Masaya. Enfoca la realización de un diagnóstico de la situación actual del Hotel El Raizón, el cual describe la caracterización organigrama, un análisis detallado de su entorno y finalmente se utilizan la herramientas, diamante de PORTER, el ciclo de vida del producto, la matriz de crecimiento de productos y mercados y la cartera de negocios. 
650 7 |a PUBLICIDAD HOTEL EL RAIZON 
650 7 |b ANALISIS FODA - ESTRATEGIAS 
650 7 |c DIAGNOSTICO - HOTEL EL RAIZON 
650 7 |d ESTRATEGIAS - PUBLICIDAD HOTEL EL RAIZON 
700 1 |a Tutor:  |b Machado Bello, Xiomara Argentina 
942 |c BK  |2 ddc 
991 |a TESIS 
999 |c 18780